00360nam a2200157Ia 4500008004100000041001200041082000800053082001100061100001300072100001100085245004200096260001000138260003000148260000900178300001500187150909s9999 xx 000 0 und d aEnglish a635 bKUN/FL aKunkel G eAuthor aFlowering trees in subtopical gardens aHague bDr. W Junk B V publishers c1978 a346 Pages